00466nam a2200193 a 4500001001300000003000900013005001700022008004100039020001000080082001600090100001400106245001800120260003700138300000800175500003500183505001700218650002300235700001400258nice12345678IN_TiNIC20260116012049.0050524s1966 lona grp 000 0 eng  ac10000a232.96bHUG aHugh, C R aPassion Drama aLondonbHodder & Stoughtonc1966 a61p aincludes index and biblioraphy2 aBibliography aJesus Christ-Death1 aHugh, C R